000 00609nam a2200193Ia 4500
001 12687
003 GE_BSU
008 181216s||||||||xx |||||||||||||| ||und||
040 _cGE_BSU
080 _a632.9(035)
245 _aСправочник агронома по защите растении
245 _cПод.ред.Н.А.Наумова. В.Н.Щеголева Ред.М.И.Головин
260 _aМ-Л
260 _bСельхозгиз
260 _c1948
300 _a830стр.20см.
653 _aСправочник агронома по защите растении
942 _cBK
999 _c45858
_d45858